000 01068nam a2200277Ia 4500
003 OSt
005 20221005111300.0
006 a|||||r|||| 00| 0
007 ta
008 221004b |||||||| |||| 00| 0 hin d
020 _a8170554322 (hbk)
_c325
024 _a97553
037 _b567, 23/03/2009, Vani Prakashan
_cTextual
040 _aCRL
_cCRL
_bhin
041 _2hin
_ahin
082 _aP152, M5;P6
100 _aझाल्टे, दंगल
245 0 _aप्रयोजनमूलक हिन्दी
_b सिद्धान्त और प्रयोग
246 _aPrayojanamūlak hindī: siddhānta aur prayoga
250 _aद्वितीय संस्करण
260 _aनई दिल्ली
_bवाणी प्रकाशन भारत
_c2006
300 _a253पृ0
_ccm.
490 _aथ्ल्न्च् ।स् भ्प्छक्प्
942 _hP152, M5;P6
_cTEXL
_2cc
999 _c1021365
_d1021365